[Event "Titled Tuesday intern op 11th Apr Early"]
[Site "Chess.com INT"]
[Date "2023.04.11"]
[Round "4"]
[White "Koridze, Lile"]
[Black "Ahn, Hongjin"]
[Result "0-1"]
[WhiteElo "2191"]
[BlackElo "2259"]
[PlyCount "78"]
[EventDate "2023.04.11"]
[EventType "swiss (blitz)"]
[EventRounds "11"]
[EventCountry "USA"]
[SourceTitle "CBM 213 Extra"]
[Source "ChessBase"]
[SourceDate "2023.05.31"]
[SourceVersion "1"]
[SourceVersionDate "2023.05.31"]
[SourceQuality "1"]

1. d4 f5 2. c4 Nf6 3. g3 g6 4. Bg2 Bg7 5. Nh3 0-0 6. 0-0 d6 7. d5 a5 8. Nc3 Na6 9. Nf4 Nc5 10. Rb1 Bd7 11. a3 a4 12. Nd3 Nb3 13. h3 Qc8 14. Be3 c6 15. dxc6 bxc6 16. c5 d5 17. Ne5 Ne4 18. Nxe4 fxe4 19. Nxd7 Qxd7 20. Bxe4 Qxh3 21. Bg2 Qd7 22. Qd3 e5 23. Rfd1 Qe7 24. Qc2 Ra5 25. Rd3 d4 26. Bd2 Rxc5 27. Qd1 e4 28. Rxb3 axb3 29. Qxb3+ Kh8 30. Bb4 d3 31. exd3 e3 32. f4 e2 33. Bf3 Qe3+ 34. Kg2 Bd4 35. Be4 Qf2+ 36. Kh3 Rh5+ 37. Kg4 Rxf4+ 38. gxf4 Rh4+ 39. Kg5 Qxf4# 0-1

[Event "Titled Tuesday intern op 04th Apr Early"]
[Site "Chess.com INT"]
[Date "2023.04.04"]
[Round "4"]
[White "De la Colina, Nicolas"]
[Black "Ahn, Hongjin"]
[Result "0-1"]
[WhiteElo "2244"]
[BlackElo "2259"]
[PlyCount "116"]
[EventDate "2023.04.04"]
[EventType "swiss (blitz)"]
[EventRounds "11"]
[EventCountry "USA"]
[SourceTitle "EXT 2024"]
[Source "ChessBase"]
[SourceDate "2023.10.10"]
[SourceVersion "1"]
[SourceVersionDate "2023.10.10"]
[SourceQuality "1"]

1. e4 c5 2. Nf3 Nf6 3. d3 Nc6 4. g3 g6 5. Bg2 Bg7 6. 0-0 0-0 7. Nbd2 d5 8. c3 e5 9. Re1 Re8 10. h3 h6 11. Qc2 b6 12. exd5 Nxd5 13. Nc4 Bb7 14. a4 Rc8 15. Ne3 Nxe3 16. Bxe3 Nd4 17. Bxd4 cxd4 18. c4 f5 19. Nd2 Bxg2 20. Kxg2 Qd7 21. f3 h5 22. Re2 h4 23. g4 Bh6 24. Rae1 Bf4 25. Nf1 Qc6 26. Nd2 fxg4 27. hxg4 h3+ 28. Kf2 Rf8 29. Ne4 Kg7 30. Rf1 Rf7 31. Qd1 Rcf8 32. Ree1 Qd7 33. Kg1 Qe7 34. Kh1 Qh4 35. Qe2 Be3 36. Ra1 a5 37. Rab1 Qe7 38. b3 Rf4 39. Rb2 Qf7 40. b4 Rxg4 41. fxg4 Qxf1+ 42. Qxf1 Rxf1+ 43. Kh2 Rf3 44. bxa5 Bf4+ 45. Kg1 h2+ 46. Rxh2 Bxh2+ 47. Kxh2 bxa5 48. Nc5 Re3 49. Kg2 Kf6 50. Kf2 Kg5 51. Ne4+ Kxg4 52. Nc5 Kf5 53. Kg2 g5 54. Kf2 g4 55. Kg2 Kg5 56. Ne6+ Kh4 57. Nc5 g3 58. Kf1 Kh3 0-1

[Event "Titled Tuesday intern op 28th Mar Late"]
[Site "Chess.com INT"]
[Date "2023.03.28"]
[Round "3"]
[White "Ahn, Hongjin"]
[Black "Buchenau, Frank"]
[Result "1-0"]
[WhiteElo "2259"]
[BlackElo "2222"]
[PlyCount "65"]
[EventDate "2023.03.28"]
[EventType "swiss (blitz)"]
[EventRounds "11"]
[EventCountry "USA"]
[SourceTitle "EXT 2024"]
[Source "ChessBase"]
[SourceDate "2023.10.10"]
[SourceVersion "1"]
[SourceVersionDate "2023.10.10"]
[SourceQuality "1"]

1. b3 d5 2. Bb2 Nf6 3. g3 Bg4 4. Bg2 c6 5. Nf3 Nbd7 6. 0-0 h6 7. c4 e6 8. d3 Be7 9. Nbd2 0-0 10. Qc2 Bf5 11. e4 Bh7 12. e5 Ne8 13. Rad1 Nc7 14. Nb1 a5 15. Rfe1 a4 16. Qc1 axb3 17. axb3 Nc5 18. Qc3 N5a6 19. Ba3 Bxa3 20. Nxa3 Qe7 21. Nc2 Rfd8 22. Ne3 Qb4 23. Qb2 Nc5 24. Bf1 Qxb3 25. Qc1 Ra2 26. cxd5 Na4 27. d6 Nd5 28. Nxd5 Qxd5 29. Bg2 Qb5 30. Nd4 Qb6 31. Qc4 Nb2 32. Qxa2 Nxd1 33. Nxe6 1-0

[Event "Titled Tuesday intern op 14th Mar Early"]
[Site "Chess.com INT"]
[Date "2023.03.14"]
[Round "5"]
[White "Kiseleva, Arina"]
[Black "Ahn, Hongjin"]
[Result "0-1"]
[WhiteElo "1962"]
[BlackElo "2259"]
[PlyCount "134"]
[EventDate "2023.03.14"]
[EventType "swiss (blitz)"]
[EventRounds "11"]
[EventCountry "USA"]
[SourceTitle "EXT 2024"]
[Source "ChessBase"]
[SourceDate "2023.10.10"]
[SourceVersion "1"]
[SourceVersionDate "2023.10.10"]
[SourceQuality "1"]

1. d4 Nf6 2. Nf3 e6 3. e3 d5 4. Bd3 c5 5. 0-0 c4 6. Be2 Nc6 7. b3 cxb3 8. axb3 Be7 9. Nbd2 0-0 10. Bb2 b6 11. Ne5 Bb7 12. f4 Ne8 13. Bd3 Nd6 14. Ba3 Nf5 15. Bxe7 Ncxe7 16. Rf3 f6 17. Ng4 Nd6 18. Rh3 Nef5 19. Nf2 g6 20. Qf3 Qe7 21. g4 Ng7 22. Qg3 Rf7 23. Qh4 Nge8 24. Bxg6 Rg7 25. Bxh7+ Rxh7 26. Qg3 Rxh3 27. Qxh3 Qh7 28. Qg3 Qxc2 29. Nf3 Rc8 30. Rxa7 Qxb3 31. g5 Qb1+ 32. Kg2 Nf5 33. Qh3 Ned6 34. Nh4 Nxh4+ 35. Qxh4 Qh7 36. Qg4 Qf5 37. Qh4 fxg5 38. fxg5 Rc2 39. Qg3 Ne4 40. Qb8+ Bc8 41. Qf4 Qxf4 42. exf4 Rxf2+ 43. Kg1 Rxf4 44. Ra8 Rg4+ 45. Kf1 Nd6 46. Rb8 Rxd4 47. Rxb6 Nf7 48. Rc6 Kg7 49. Rxc8 Nxg5 50. h4 Nf7 51. h5 Rh4 52. h6+ Rxh6 53. Re8 Rf6+ 54. Ke2 Nd6 55. Re7+ Kg6 56. Rd7 Nf5 57. Kd3 Nh6 58. Rd8 Nf7 59. Re8 Kf5 60. Kd4 Nd6 61. Rd8 Nf7 62. Re8 Ng5 63. Rg8 Nf3+ 64. Ke3 Ne5 65. Kd4 Nc6+ 66. Kc5 Ne7 67. Rf8 Rxf8 0-1

[Event "Titled Tuesday intern op 14th Mar Early"]
[Site "Chess.com INT"]
[Date "2023.03.14"]
[Round "2"]
[White "Mirzanurov, Bulat"]
[Black "Ahn, Hongjin"]
[Result "1-0"]
[WhiteElo "2232"]
[BlackElo "2259"]
[PlyCount "115"]
[EventDate "2023.03.14"]
[EventType "swiss (blitz)"]
[EventRounds "11"]
[EventCountry "USA"]
[SourceTitle "EXT 2024"]
[Source "ChessBase"]
[SourceDate "2023.10.10"]
[SourceVersion "1"]
[SourceVersionDate "2023.10.10"]
[SourceQuality "1"]

1. e4 d6 2. d4 Nf6 3. Nc3 g6 4. Be3 Nc6 5. Qd2 e5 6. Nf3 Qe7 7. 0-0-0 Bg4 8. Bb5 Bxf3 9. gxf3 a6 10. Ba4 exd4 11. Bxd4 0-0-0 12. Bxc6 bxc6 13. Qg5 Bg7 14. Qa5 Kb7 15. Qb4+ Ka8 16. e5 Nd5 17. Nxd5 cxd5 18. exd6 Qg5+ 19. Kb1 Rb8 20. Qa5 Bxd4 21. Rxd4 Rb6 22. Qxd5+ Qxd5 23. Rxd5 cxd6 24. Rhd1 Rhb8 25. b3 Rd8 26. c4 Rc6 27. c5 Re8 28. cxd6 Rd8 29. Kb2 Kb7 30. b4 Kb6 31. Kb3 Rd7 32. a4 Rc8 33. b5 a5 34. Re5 Rcd8 35. Re7 Rxd6 36. Rxd6+ Rxd6 37. Rxf7 h5 38. Rg7 Rf6 39. Kc4 Rf4+ 40. Kd5 Rf6 41. f4 Rxf4 42. Rxg6+ Kb7 43. Rg5 h4 44. Rh5 Rxa4 45. Kc5 Rf4 46. Rh7+ Kb8 47. Kb6 Rf6+ 48. Kxa5 Rxf2 49. Rxh4 Kb7 50. Rh7+ Kb8 51. Ka6 Rf8 52. b6 Rg8 53. h4 Ka8 54. h5 Kb8 55. Rf7 Rh8 56. h6 Kc8 57. h7 Kb8 58. Rg7 1-0